<?xml version="1.0" encoding="UTF-8"?>
<record
    xmlns:xsi="http://www.w3.org/2001/XMLSchema-instance"
    xsi:schemaLocation="http://www.loc.gov/MARC21/slim http://www.loc.gov/standards/marcxml/schema/MARC21slim.xsd"
    xmlns="http://www.loc.gov/MARC21/slim">

  <leader>00822nam a2200253 a 4500</leader>
  <controlfield tag="001">c  61000999 </controlfield>
  <controlfield tag="003">DLC</controlfield>
  <controlfield tag="005">20260227111033.0</controlfield>
  <controlfield tag="008">041112s1960    cc            000 0 chi  </controlfield>
  <datafield tag="010" ind1=" " ind2=" ">
    <subfield code="a">c  61000999 </subfield>
  </datafield>
  <datafield tag="035" ind1=" " ind2=" ">
    <subfield code="a">(CStRLIN)DCLP04-B20286</subfield>
  </datafield>
  <datafield tag="040" ind1=" " ind2=" ">
    <subfield code="a">DLC</subfield>
    <subfield code="c">CLU</subfield>
    <subfield code="d">OCLCQ</subfield>
    <subfield code="d">OCL</subfield>
    <subfield code="d">PULEA</subfield>
    <subfield code="d">DLC-R</subfield>
  </datafield>
  <datafield tag="042" ind1=" " ind2=" ">
    <subfield code="a">lccopycat</subfield>
  </datafield>
  <datafield tag="050" ind1="0" ind2="0">
    <subfield code="a">PN519</subfield>
    <subfield code="b">.L55</subfield>
  </datafield>
  <datafield tag="066" ind1=" " ind2=" ">
    <subfield code="c">$1</subfield>
  </datafield>
  <datafield tag="100" ind1="1" ind2=" ">
    <subfield code="6">880-01</subfield>
    <subfield code="a">Liu, Shuxian.</subfield>
  </datafield>
  <datafield tag="245" ind1="1" ind2="0">
    <subfield code="6">880-02</subfield>
    <subfield code="a">Wen xue xin shang de ling hun /</subfield>
    <subfield code="c">Liu Shuxian zhu.</subfield>
  </datafield>
  <datafield tag="260" ind1=" " ind2=" ">
    <subfield code="6">880-03</subfield>
    <subfield code="a">Jiulong :</subfield>
    <subfield code="b">Ren sheng chu ban she,</subfield>
    <subfield code="c">Minguo 49 [1960]</subfield>
  </datafield>
  <datafield tag="300" ind1=" " ind2=" ">
    <subfield code="a">250 p.</subfield>
    <subfield code="c">19 cm.</subfield>
  </datafield>
  <datafield tag="650" ind1=" " ind2="0">
    <subfield code="a">Literature</subfield>
    <subfield code="x">History and criticism.</subfield>
  </datafield>
  <datafield tag="880" ind1="1" ind2=" ">
    <subfield code="6">100-01/$1</subfield>
    <subfield code="a">&#x5289; &#x8FF0;&#x5148;.</subfield>
  </datafield>
  <datafield tag="880" ind1="1" ind2="0">
    <subfield code="6">245-02/$1</subfield>
    <subfield code="a">&#x6587;&#x5B78; &#x6B23;&#x8CDE; &#x7684; &#x9748;&#x9B42; /</subfield>
    <subfield code="c">&#x5289; &#x8FF0;&#x5148; &#x8457;.</subfield>
  </datafield>
  <datafield tag="880" ind1=" " ind2=" ">
    <subfield code="6">260-03/$1</subfield>
    <subfield code="a">&#x4E5D;&#x9F8D; :</subfield>
    <subfield code="b">&#x4EBA;&#x751F; &#x51FA;&#x7248;&#x793E;,</subfield>
    <subfield code="c">&#x6C11;&#x570B;49 [1960]</subfield>
  </datafield>
  <datafield tag="999" ind1=" " ind2=" ">
    <subfield code="c">12732</subfield>
    <subfield code="d">12732</subfield>
  </datafield>
</record>
